Word Ladder: Ireland Quiz Stats

 Plays Quiz Updated Oct 5, 2018

Score 0/44 Timer 05:00
2 Plays Today
Clue Answer % Correct
Centre of an apple or the Earth, perhapsCORE
89.5%
•U2 frontman•♣BONO♣
88.8%
ConcealHIDE
86.9%
Disease caused by HIVAIDS
86.2%
Rise and fall of the oceanTIDE
84.6%
Give a job toHIRE
84.5%
FatigueTIRE
84.5%
•Ireland's second largest city•♣CORK♣
83.9%
DisplaySHOW
83.7%
No ifs, ____ or butsANDS
83.2%
Kissing diseaseMONO
82.2%
DesireWANT
82.2%
Small quantity of liquorSHOT
82.1%
Chair, stool or couchSEAT
81.7%
AssistantAIDE
81.2%
•George Bernard ____, Irish Nobel laureate• ♣SHAW♣
81.1%
Skin ailment associated with witchesWART
81%
Monastic clergymanMONK
80.9%
•Instrument on the Irish coat of arms•♣HARP♣
80.8%
Vehicle pulled or pushed by handCART
80.5%
FinishesENDS
79.3%
Freshwater fishCARP
78.9%
Clue Answer % Correct
Mammal closely associated with MarchHARE
78.2%
Robin Williams TV characterMORK
77.8%
•Name for Ireland in Irish•♣EIRE♣
76.9%
Residue of combustionSOOT
76.9%
Item of footwearBOOT
76.5%
LateralSIDE
75.6%
Fabric junctionSEAM
75.3%
Smallest of a broodRUNT
74.2%
Beget or fatherSIRE
71.1%
DiatribeRANT
70.9%
•____ of Kells, Irish medieval manuscript•♣BOOK♣
69.9%
Fuel source harvested from boglandPEAT
68.7%
Hit or strikeBONK
68%
Failed endeavour SHAM
67.1%
•Irish currency before 2002, also called the Irish pound•♣PUNT♣
61.8%
ConfinedPENT
57.1%
•____ Kenny, former Irish Taoiseach (Prime Minister)•♣ENDA♣
54.8%
•Douglas ____, first president of Ireland•♣HYDE♣
53.8%
•Celtic/New Age songstress with one name•♣ENYA♣
52.9%
EndureCOPE
48.7%
'____ is the thing with feathers 'HOPE
45.2%
Hoopla or buzzHYPE
45.1%

Today's Daily Dose

You're not logged in!

Compare scores with friends on all Sporcle quizzes.
OR
Log In

Sporcle TV

Today on Sporcle TV


Watch our educational content, quiz creation guides, and fun videos on Sporcle TV.

Show Comments

Extras

Top Quizzes Today


Score Distribution

Your Account Isn't Verified!

In order to create a playlist on Sporcle, you need to verify the email address you used during registration. Go to your Sporcle Settings to finish the process.

Report this User

Report this user for behavior that violates our Community Guidelines.

Details: